[Event "Mecklenburg VP LL2 West 0001"]
[Site "Mecklenburg VP"]
[Date "2000.12.10"]
[Round "7"]
[White "Techentin, Dieter"]
[Black "Weinstein, Arkadi"]
[Result "0-1"]
[WhiteElo "1862"]
[BlackElo "1822"]
[PlyCount "64"]
[EventDate "2000.10.15"]
[EventType "team-tourn"]
[EventRounds "9"]
[EventCountry "GER"]
[SourceTitle "EXT 2016"]
[Source "ChessBase"]
[SourceDate "2015.10.08"]
[SourceVersion "1"]
[SourceVersionDate "2015.10.08"]
[SourceQuality "1"]
[WhiteTeam "Neukloster IV"]
[BlackTeam "Schwerin SV Einheit III"]
[WhiteTeamCountry "GER"]
[BlackTeamCountry "GER"]

1. d4 Nf6 2. Nf3 g6 3. c4 Bg7 4. Nc3 0-0 5. e4 d6 6. h3 Nbd7 7. Bd3 c5 8. d5 a6 9. a4 b6 10. 0-0 Nh5 11. Rb1 Ne5 12. Nxe5 Bxe5 13. Bh6 Bg7 14. Bxg7 Kxg7 15. b4 f5 16. Re1 f4 17. f3 Qc7 18. Qe2 cxb4 19. Nd1 e5 20. dxe6 Bxe6 21. Nf2 a5 22. Rec1 Rac8 23. Nd1 Bd7 24. Nb2 Be6 25. Qd2 Qc5+ 26. Kh1 Qc7 27. Bf1 Qc5 28. Rd1 Rf6 29. Be2 Ng3+ 30. Kh2 Nxe2 31. Qxe2 Bxc4 32. Nxc4 Qxc4 0-1

[Event "Mecklenburg VP LL2 West 0001"]
[Site "Mecklenburg VP"]
[Date "2000.12.10"]
[Round "4"]
[White "Weinstein, Arkadi"]
[Black "Grabow, Gerhard"]
[Result "1-0"]
[WhiteElo "1822"]
[BlackElo "1694"]
[PlyCount "79"]
[EventDate "2000.10.15"]
[EventType "team-tourn"]
[EventRounds "9"]
[EventCountry "GER"]
[SourceTitle "EXT 2016"]
[Source "ChessBase"]
[SourceDate "2015.10.08"]
[SourceVersion "1"]
[SourceVersionDate "2015.10.08"]
[SourceQuality "1"]
[WhiteTeam "Schwerin SV Einheit II"]
[BlackTeam "Kuehlungsborn SV Empor"]
[WhiteTeamCountry "GER"]
[BlackTeamCountry "GER"]

1. e4 c5 2. Nf3 Nc6 3. d4 cxd4 4. Nxd4 Nf6 5. Nc3 d6 6. Be2 e6 7. Be3 a6 8. 0-0 Be7 9. a3 0-0 10. f4 Qc7 11. Bf3 Na5 12. Qe1 Rb8 13. Rd1 b5 14. Qg3 Nc4 15. Bc1 e5 16. Nde2 Qc5+ 17. Kh1 Kh8 18. Rd3 Bb7 19. f5 a5 20. b3 Nxa3 21. Bxa3 Qxa3 22. Nxb5 Qc5 23. Nbc3 Ba6 24. Rd2 Rb4 25. Qf2 Qc7 26. Qe3 Rc8 27. g4 Bb7 28. g5 Nd7 29. Nd5 Bxd5 30. exd5 Nc5 31. f6 gxf6 32. gxf6 Bxf6 33. Bh5 Qe7 34. Qh3 Rg8 35. Nc3 Rh4 36. Qf3 Rf4 37. Qe2 Rxf1+ 38. Qxf1 Rg5 39. Qh3 Rg7 40. Re2 1-0

[Event "Mecklenburg VP LL2 West 0001"]
[Site "Mecklenburg VP"]
[Date "2000.12.10"]
[Round "6"]
[White "Weinstein, Arkadi"]
[Black "Reznik, Leonid"]
[Result "1/2-1/2"]
[WhiteElo "1822"]
[BlackElo "1783"]
[PlyCount "85"]
[EventDate "2000.10.15"]
[EventType "team-tourn"]
[EventRounds "9"]
[EventCountry "GER"]
[SourceTitle "EXT 2016"]
[Source "ChessBase"]
[SourceDate "2015.10.08"]
[SourceVersion "1"]
[SourceVersionDate "2015.10.08"]
[SourceQuality "1"]
[WhiteTeam "Schwerin SV Einheit II"]
[BlackTeam "Rostock Uni II"]
[WhiteTeamCountry "GER"]
[BlackTeamCountry "GER"]

1. e4 e5 2. Nf3 Nc6 3. Bc4 d6 4. h3 Be7 5. 0-0 Nf6 6. Nc3 0-0 7. d4 exd4 8. Nxd4 Ne5 9. Bb3 c5 10. Nf3 c4 11. Nxe5 cxb3 12. Nd3 bxa2 13. Rxa2 a6 14. Be3 b5 15. f3 Be6 16. Ra1 d5 17. exd5 Nxd5 18. Nxd5 Bxd5 19. Nf4 Bc4 20. Re1 Bf6 21. c3 Bh4 22. Qxd8 Rfxd8 23. Red1 Rxd1+ 24. Rxd1 Rd8 25. Rxd8+ Bxd8 26. g3 Kf8 27. Kf2 Ke8 28. Bd4 f6 29. h4 Kf7 30. g4 g5 31. Ng2 Ke6 32. hxg5 fxg5 33. Ne3 Bd3 34. Ng2 Bc7 35. Ke3 Bf1 36. Ne1 Bf4+ 37. Ke4 a5 38. Bb6 a4 39. Nd3 Bxd3+ 40. Kxd3 Kd5 41. Kc2 Be5 42. Bd4 a3 43. bxa3 1/2-1/2

[Event "Mecklenburg VP LL2 West 0001"]
[Site "Mecklenburg VP"]
[Date "2000.10.15"]
[Round "2"]
[White "Schmidt, Wolfgang8"]
[Black "Weinstein, Arkadi"]
[Result "1/2-1/2"]
[WhiteElo "1836"]
[BlackElo "1822"]
[PlyCount "73"]
[EventDate "2000.10.15"]
[EventType "team-tourn"]
[EventRounds "9"]
[EventCountry "GER"]
[SourceTitle "EXT 2016"]
[Source "ChessBase"]
[SourceDate "2015.10.08"]
[SourceVersion "1"]
[SourceVersionDate "2015.10.08"]
[SourceQuality "1"]
[WhiteTeam "Rostock Uni II"]
[BlackTeam "Schwerin SV Einheit III"]
[WhiteTeamCountry "GER"]
[BlackTeamCountry "GER"]

1. d4 Nf6 2. Nf3 g6 3. e3 Bg7 4. Be2 d6 5. 0-0 0-0 6. c4 Nbd7 7. Nc3 c6 8. b4 a6 9. a4 e5 10. Qc2 Qe7 11. Ba3 e4 12. Nd2 d5 13. cxd5 cxd5 14. b5 Qe6 15. Bxf8 Bxf8 16. Qa2 Bd6 17. Rfc1 Qf5 18. Nf1 Qg5 19. f4 exf3 20. Bxf3 Nb6 21. a5 axb5 22. Nxb5 Bb8 23. axb6 Rxa2 24. Rxc8+ Kg7 25. Rxa2 Nd7 26. Rc7 Nxb6 27. Rxb7 Qd8 28. Ra6 Nc4 29. Ra8 Bxh2+ 30. Kxh2 Qxa8 31. Bxd5 Kh6 32. e4 Qa6 33. Ng3 Nb6 34. Bc6 Nc4 35. d5 Ne5 36. Nd4 Ng4+ 37. Kh3 1/2-1/2